| 000 | 00374nam a2200157Ia 4500 | ||
|---|---|---|---|
| 008 | 230917s9999||||xx |||||||||||||| ||und|| | ||
| 040 |
_e75099 _aMAIN |
||
| 041 | _aEnglish | ||
| 082 | _a658.787 L585S | ||
| 100 | _aLewis, C D | ||
| 245 | 0 | _aScientific inventory control | |
| 250 | _a2nd ed. | ||
| 260 |
_aLondon _bButterworths _c1981 |
||
| 300 | _ax, 209 p. | ||
| 942 | _cBK | ||
| 999 |
_c39951 _d39951 |
||